| 000 | 00672nam a2200253Ia 4500 | ||
|---|---|---|---|
| 001 | 22852 | ||
| 005 | 20240114000657.0 | ||
| 007 | ta | ||
| 008 | 060322s1975 g b000 u 465 u | ||
| 040 | _aCotton College,Assam | ||
| 041 | _a465 | ||
| 082 |
_a537.22 _bT 494 In |
||
| 100 | _aTinkham, Michael . | ||
| 245 | 0 |
_aIntroduction to Superconductivity / _cMichael Tinkham. _hTextual Documents |
|
| 250 | _a1st ed. / | ||
| 260 |
_aTokyo : _bMcGraw - Hill Kogakusha, Ltd. , _c1975. |
||
| 300 |
_ax,296p. ; _c22cm. |
||
| 504 | _aIndex | ||
| 653 | _aSuperconductivity | ||
| 653 | _aG-Physics | ||
| 942 |
_2ddc _cBK |
||
| 999 |
_c22834 _d22834 |
||